INFORMATION PRESERVATION IN LIBRARY MANAGEMENT (Record no. 206809)
[ view plain ]
| 000 -LEADER | |
|---|---|
| fixed length control field | 00303nam a2200133Ia 4500 |
| 003 - CONTROL NUMBER IDENTIFIER | |
| control field | OSt |
| 005 - DATE AND TIME OF LATEST TRANSACTION | |
| control field | 20240404102149.0 |
| 020 ## - INTERNATIONAL STANDARD BOOK NUMBER | |
| International Standard Book Number | 81-7835-204-4 |
| 040 ## - CATALOGING SOURCE | |
| Transcribing agency | LCC |
| 050 ## - LIBRARY OF CONGRESS CALL NUMBER | |
| Classification number | Z 696 .S 24 2003 |
| 100 ## - MAIN ENTRY--PERSONAL NAME | |
| Personal name | CHANDRA,RAMESH |
| 245 #0 - TITLE STATEMENT | |
| Title | INFORMATION PRESERVATION IN LIBRARY MANAGEMENT |
| 942 ## - ADDED ENTRY ELEMENTS (KOHA) | |
| Koha item type | Long Loan Book |
| Source of classification or shelving scheme | Dewey Decimal Classification |
| Withdrawn status | Lost status | Source of classification or shelving scheme | Damaged status | Not for loan | Collection | Home library | Current library | Date acquired | Inventory number | Total checkouts | Full call number | Barcode | Date last seen | Copy number | Price effective from | Koha item type |
|---|---|---|---|---|---|---|---|---|---|---|---|---|---|---|---|---|
| Library of Congress Classification | Reserve | Kisii University Library | Kisii University Library | 09/15/2023 | 23357 | Z 696.S24 2003 | 000975 | 09/15/2023 | C.1 | 09/15/2023 | Short Loan Book |